| 000 | 00991nam0a22002411 4500 | ||
|---|---|---|---|
| 001 | rc\2297577 | ||
| 005 | 20250622231536.0 | ||
| 035 | _a(NLR Aleph) 006467196 | ||
| 090 |
_a5897431 _c5897431 |
||
| 100 | _a20110829d1977 |||y0rusy50 ca | ||
| 101 | 0 | _arus | |
| 102 | _aRU | ||
| 105 | _aa z ||||| | ||
| 200 | 1 |
_aДиагностика, лечение, профилактика незаразных заболеваний сельскохозяйственных животных _e[Сборник статей] |
|
| 210 |
_aСтаврополь _cБ. и. _d1977 |
||
| 215 |
_a36 с. _cил. _d22 |
||
| 225 | 1 |
_aМинистерство сельского хозяйтсва СССР. Ставропольский сельскохозяйственный институт. Научные труды _vВып. 40, Т. 6 |
|
| 320 | _aБиблиогр. в конце статей | ||
| 801 | 0 |
_aRU _bNLR _gpsbo |
|
| 801 | 1 |
_aRU _bELAR _2rusmarc |
|
| 852 |
_aNLR _jП13/399 |
||
| 942 | _cBOOK | ||
| 980 | _aNB | ||